Normal view
MARC view
- Aroon Purie, Editor & N. P. Singh, Publisher
Entry Personal Name
001 - CONTROL NUMBER
- control field: 119186
003 - CONTROL NUMBER IDENTIFIER
- control field: OSt
005 - DATE AND TIME OF LATEST TRANSACTION
- control field: 20230206213306.0
008 - FIXED-LENGTH DATA ELEMENTS
- fixed length control field: 230206|| aca||aabn | a|a d
040 ## - CATALOGING SOURCE
- Original cataloging agency: OSt
- Transcribing agency: OSt
100 ## - HEADING--PERSONAL NAME
- Personal name: Aroon Purie, Editor & N. P. Singh, Publisher
670 ## - SOURCE DATA FOUND
- Source citation: Work cat.: (OSt)97634: Aroon Purie, Editor & N. P. Singh, Publisher, Business Today , 2000